00470nam a2200193 a 4500001001300000003000900013005001700022008004100039020001000080082001300090100001800103245002000121260003400141300000900175500003500184505001000219650002900229700001800258nice12345678IN_TiNIC20260116012421.0050524s1947 lona grp 000 0 eng  ac10000a973bGUN aGunther, John aInside U. S. A. aLondonbHamish Hamiltonc1947 a979p aincludes index and biblioraphy2 aIndex aUnited States of America1 aGunther, John